[Event "NED-chT 2122"]
[Site "Netherlands"]
[Date "2022.05.21"]
[Round "5.9"]
[White "Bekedam, Tyro"]
[Black "De Graaf, Dick"]
[Result "1-0"]
[WhiteElo "2192"]
[BlackElo "2061"]
[PlyCount "119"]
[EventDate "2021.09.18"]
[EventType "team-tourn"]
[EventRounds "9"]
[EventCountry "NED"]
[SourceTitle "EXT 2023"]
[Source "ChessBase"]
[SourceDate "2022.10.05"]
[SourceVersion "1"]
[SourceVersionDate "2022.10.05"]
[SourceQuality "1"]
[WhiteTeam "Kennemer Combinatie"]
[BlackTeam "En Passant"]
[WhiteTeamCountry "NED"]
[BlackTeamCountry "NED"]

1. e4 d6 2. d4 Nf6 3. Nc3 g6 4. f3 c6 5. Be3 b5 6. g4 h5 7. g5 Nfd7 8. Bd3 Nb6 9. Qe2 Bg7 10. h3 e5 11. dxe5 dxe5 12. a4 b4 13. Nb1 Qe7 14. Qf2 0-0 15. Bc5 Qxg5 16. Nd2 Re8 17. Bxb4 Na6 18. Ba3 Bh6 19. a5 Nd7 20. Nc4 Ndc5 21. Ne2 Nxd3+ 22. cxd3 c5 23. Bxc5 Nxc5 24. Qxc5 Be6 25. Rg1 Qh4+ 26. Qf2 Qe7 27. Nc3 Bg5 28. Qc2 Bxc4 29. dxc4 Qc5 30. Kf1 Bh4 31. Nd5 Rec8 32. b3 Rab8 33. Kg2 Kh7 34. Ra2 Rb7 35. Rd1 f6 36. Qc3 Rf7 37. Rc2 Qf8 38. b4 f5 39. Qxe5 Re8 40. Qf4 g5 41. Qe3 f4 42. Qd3 Re5 43. c5 Qg7 44. c6 g4 45. c7 gxf3+ 46. Kh1 f2 47. c8Q f3 48. Ne3 Qg3 49. Rc7 Be7 50. Rxe7 Rfxe7 51. Qdd8 Qg7 52. h4 R5e6 53. Rf1 Rg6 54. Qf5 Kh6 55. Qf4+ Kh7 56. Rxf2 Rf7 57. Qh2 Rd7 58. Qe8 Rd3 59. Nf1 Qf6 60. Qee5 1-0

[Event "EU-Cup 36th"]
[Site "Struga"]
[Date "2021.09.22"]
[Round "5.2"]
[White "Cramling, Dan"]
[Black "De Graaf, Dick"]
[Result "1-0"]
[WhiteElo "2292"]
[BlackElo "2076"]
[PlyCount "68"]
[EventDate "2021.09.18"]
[EventType "team-swiss"]
[EventRounds "7"]
[EventCountry "MKD"]
[SourceTitle "CBM 204 Extra"]
[Source "ChessBase"]
[SourceDate "2021.11.30"]
[SourceVersion "1"]
[SourceVersionDate "2021.11.30"]
[SourceQuality "1"]
[WhiteTeam "Wasa"]
[BlackTeam "En Passant"]
[WhiteTeamCountry "SWE"]
[BlackTeamCountry "NED"]

1. d4 Nf6 2. c4 d6 3. Nc3 g6 4. e4 Bg7 5. h3 e5 6. d5 a5 7. Bg5 h6 8. Be3 Na6 9. Nf3 Nh5 10. g3 Bd7 11. a3 0-0 12. Nd2 Nf6 13. Bd3 Ne8 14. g4 c6 15. Rb1 Nc5 16. Bc2 cxd5 17. cxd5 b5 18. b4 axb4 19. axb4 Na6 20. Bd3 f5 21. exf5 gxf5 22. Bxf5 Bxf5 23. gxf5 Qc8 24. Nde4 Nf6 25. Nxf6+ Rxf6 26. Ne4 Qxf5 27. Nxf6+ Qxf6 28. Ra1 e4 29. Rg1 Kh8 30. Ra3 Qb2 31. Rb3 Qa1 32. Qxa1 Bxa1 33. Ke2 Be5 34. Ra3 Kh7 1-0

[Event "EU-Cup 35th"]
[Site "Ulcinj"]
[Date "2019.11.12"]
[Round "3.12"]
[White "Van Wissen, Michiel"]
[Black "De Graaf, Dick"]
[Result "1-0"]
[WhiteElo "2289"]
[BlackElo "2106"]
[PlyCount "64"]
[EventDate "2019.11.10"]
[EventType "team-swiss"]
[EventRounds "7"]
[EventCountry "MNE"]
[SourceTitle "CBM 193 Extra"]
[Source "ChessBase"]
[SourceDate "2020.01.31"]
[SourceVersion "1"]
[SourceVersionDate "2020.01.31"]
[SourceQuality "1"]
[WhiteTeam "Leiden LSG"]
[BlackTeam "En Passant"]
[WhiteTeamCountry "NED"]
[BlackTeamCountry "NED"]

1. e4 d6 2. d4 Nf6 3. Nc3 g6 4. f4 Bg7 5. Nf3 0-0 6. Bd3 Nc6 7. 0-0 e5 8. d5 Nd4 9. f5 c6 10. Bg5 gxf5 11. exf5 Nxf5 12. Bxf5 Bxf5 13. Kh1 Qd7 14. dxc6 bxc6 15. Nxe5 dxe5 16. Qxd7 Nxd7 17. Rxf5 Rab8 18. Rd1 h6 19. Be7 Rxb2 20. Rxd7 Rxc2 21. Bxf8 Rxc3 22. Rdxf7 Rc1+ 23. Rf1 Rxf1+ 24. Rxf1 Bxf8 25. Rf6 c5 26. g3 Kg7 27. Re6 c4 28. Rc6 Ba3 29. Rxc4 Kg6 30. Kg2 Kf5 31. Kf3 Bb2 32. g4+ Kg5 1-0

[Event "Spakenburg FishPartners op"]
[Site "Spakenburg"]
[Date "2019.06.29"]
[Round "4"]
[White "De Graaf, Dick"]
[Black "Bosboom, Manuel"]
[Result "0-1"]
[WhiteElo "2111"]
[BlackElo "2418"]
[PlyCount "86"]
[EventDate "2019.06.29"]
[EventType "swiss (rapid)"]
[EventRounds "7"]
[EventCountry "NED"]
[SourceTitle "CBM 191 Extra"]
[Source "ChessBase"]
[SourceDate "2019.09.30"]
[SourceVersion "1"]
[SourceVersionDate "2019.09.30"]
[SourceQuality "1"]

1. e4 c5 2. Nf3 d6 3. c4 e5 4. Nc3 Nc6 5. h3 f5 6. d3 Be7 7. g4 fxe4 8. dxe4 Nf6 9. Be2 0-0 10. g5 Nh5 11. g6 hxg6 12. Rg1 Qe8 13. Nd5 Bd8 14. Be3 Be6 15. Ng5 Bxg5 16. Rxg5 Nf4 17. Bxf4 exf4 18. f3 Nd4 19. Qd2 Bxd5 20. Rxd5 Qa4 21. Kf2 Rf6 22. b3 Qd7 23. Rh1 Re8 24. Bf1 Re5 25. Rg1 Rxd5 26. cxd5 Qe7 27. Rg4 Qe5 28. Qa5 Rf8 29. Qd2 g5 30. Qd3 a5 31. Qd2 b6 32. Qd3 b5 33. Qd2 a4 34. bxa4 bxa4 35. Bc4 Rb8 36. Qc1 Qf6 37. h4 gxh4 38. Rxf4 Rb2+ 39. Kf1 Rc2 40. Qe3 Qh6 41. Bd3 h3 42. Kg1 h2+ 43. Kh1 Rg2 0-1

[Event "Spakenburg FishPartners op"]
[Site "Spakenburg"]
[Date "2019.06.29"]
[Round "7"]
[White "De Graaf, Dick"]
[Black "Van de Griendt, Jan Willem"]
[Result "0-1"]
[WhiteElo "2111"]
[BlackElo "2332"]
[PlyCount "96"]
[EventDate "2019.06.29"]
[EventType "swiss (rapid)"]
[EventRounds "7"]
[EventCountry "NED"]
[SourceTitle "CBM 191 Extra"]
[Source "ChessBase"]
[SourceDate "2019.09.30"]
[SourceVersion "1"]
[SourceVersionDate "2019.09.30"]
[SourceQuality "1"]

1. e4 e6 2. d4 d5 3. exd5 exd5 4. Bd3 c5 5. c3 Nc6 6. Ne2 Bd6 7. dxc5 Bxc5 8. 0-0 Nge7 9. Bf4 0-0 10. b4 Bb6 11. Nd2 Ng6 12. Bg3 Qf6 13. Kh1 Re8 14. Rc1 Bd7 15. Nb3 Nge5 16. Bb1 Bg4 17. Qc2 g6 18. Nf4 Rad8 19. Qd2 Nc4 20. Qc2 Na3 21. Qd2 Nxb1 22. Rxb1 Qg5 23. h3 Be2 24. Rfe1 Bc4 25. Rbd1 Rxe1+ 26. Qxe1 h5 27. Nd2 Bxa2 28. Nf3 Qf5 29. Qd2 Bb3 30. Re1 d4 31. Bh4 dxc3 32. Qxc3 Rd1 33. Nxh5 Rxe1+ 34. Qxe1 gxh5 35. Qe8+ Kg7 36. Bg3 Be6 37. Nh4 Qb1+ 38. Kh2 Qxb4 39. f4 Qd4 40. Nf3 Qd8 41. Qxd8 Bxd8 42. Bf2 a5 43. Bc5 b5 44. Bd6 b4 45. Nd2 a4 46. g4 hxg4 47. hxg4 Bxg4 48. Ne4 a3 0-1

[Event "Gibraltar Masters 16th"]
[Site "Caleta"]
[Date "2018.01.28"]
[Round "6"]
[White "Biegel, Thomas"]
[Black "De Graaf, Dick"]
[Result "1/2-1/2"]
[WhiteElo "1984"]
[BlackElo "2152"]
[PlyCount "172"]
[EventDate "2018.01.23"]
[EventType "swiss"]
[EventRounds "10"]
[EventCountry "GGB"]
[SourceTitle "CBM 183"]
[Source "ChessBase"]
[SourceDate "2018.03.14"]
[SourceVersion "1"]
[SourceVersionDate "2018.03.14"]
[SourceQuality "1"]

1. d4 d5 2. Nf3 Nf6 3. c4 e6 4. g3 b6 5. Bg2 Bb7 6. 0-0 Nbd7 7. cxd5 exd5 8. Nc3 Ne4 9. Nxe4 dxe4 10. Ng5 Be7 11. Nxe4 c6 12. Nc3 Nf6 13. e4 0-0 14. e5 Nd5 15. Nxd5 cxd5 16. Qg4 Bc8 17. Qe2 a5 18. Rd1 Be6 19. Be3 Qd7 20. Bf1 a4 21. a3 Qb7 22. Qd2 b5 23. Bg5 Bxg5 24. Qxg5 f6 25. exf6 Rxf6 26. Re1 h6 27. Qe5 b4 28. Bg2 Rc8 29. Rac1 Rxc1 30. Rxc1 bxa3 31. bxa3 Qb2 32. Qe3 Bf7 33. Bh3 Kh7 34. Rc8 Bg6 35. Bg2 Qb1+ 36. Rc1 Qa2 37. Bf1 Qb3 38. Rc3 Qd1 39. Rc1 Qg4 40. Be2 Qf5 41. Bb5 Re6 42. Qc3 Rf6 43. Qd2 Qh3 44. Bd3 Qg4 45. Bxg6+ Qxg6 46. Qc2 Qxc2 47. Rxc2 Rf3 48. Rc5 Rxa3 49. Rxd5 Kg6 50. Ra5 Ra1+ 51. Kg2 a3 52. Ra7 a2 53. d5 Rd1 54. Rxa2 Rxd5 55. Ra6+ Kf7 56. Ra7+ Kf6 57. g4 Rd6 58. h4 Rb6 59. Kg3 Rc6 60. Ra5 Rb6 61. Rf5+ Kg6 62. h5+ Kh7 63. Rf7 Ra6 64. Rb7 Rc6 65. Rb3 Ra6 66. f4 Ra1 67. f5 Ra7 68. Re3 Rb7 69. Kf4 Ra7 70. Rd3 Rb7 71. Rd4 Kg8 72. Rc4 Ra7 73. Rb4 Ra6 74. Rd4 Kf7 75. g5 hxg5+ 76. Kxg5 Rb6 77. Rd7+ Kg8 78. Ra7 Rc6 79. Re7 Rc1 80. Re4 Rc6 81. Rh4 Kh7 82. Re4 Kg8 83. Re6 Rc1 84. Re8+ Kf7 85. Re4 Rg1+ 86. Rg4 Rf1 1/2-1/2

[Event "Gibraltar Masters 16th"]
[Site "Caleta"]
[Date "2018.01.27"]
[Round "5"]
[White "Obiamiwe, Paul"]
[Black "De Graaf, Dick"]
[Result "1-0"]
[WhiteElo "1891"]
[BlackElo "2152"]
[PlyCount "127"]
[EventDate "2018.01.23"]
[EventType "swiss"]
[EventRounds "10"]
[EventCountry "GGB"]
[SourceTitle "CBM 183"]
[Source "ChessBase"]
[SourceDate "2018.03.14"]
[SourceVersion "1"]
[SourceVersionDate "2018.03.14"]
[SourceQuality "1"]

1. Nf3 Nf6 2. c4 g6 3. Nc3 Bg7 4. e4 d6 5. d4 0-0 6. Be2 Nc6 7. d5 Nb8 8. 0-0 Nbd7 9. h3 Nc5 10. Qc2 a5 11. Bf4 e5 12. dxe6 Bxe6 13. Rad1 Qe8 14. Rfe1 Nfd7 15. Nd5 Bxd5 16. exd5 Qe4 17. Qd2 Qe8 18. Bf1 Qd8 19. Nd4 Nb6 20. Bg5 Bf6 21. Bh6 Bg7 22. Nb5 Qd7 23. b3 Nc8 24. Nd4 Ne7 25. Bxg7 Kxg7 26. Qc3 Kg8 27. g4 c6 28. dxc6 bxc6 29. Bg2 Ne6 30. Qe3 Nxd4 31. Qxe7 Qxe7 32. Rxe7 c5 33. Bxa8 Rxa8 34. Kg2 a4 35. Rd3 axb3 36. axb3 Rb8 37. Ree3 Kf8 38. Kg3 Rb6 39. Kg2 Nc2 40. Re2 Nd4 41. Ree3 Ne6 42. Kf3 Ke7 43. Ke4 g5 44. Kf5 h6 45. Rxe6+ fxe6+ 46. Kg6 Rb8 47. Kxh6 Rf8 48. Kxg5 Rxf2 49. h4 e5 50. h5 Ke6 51. h6 Rh2 52. Kg6 e4 53. Rg3 Ke5 54. g5 Kf4 55. Rg1 e3 56. h7 e2 57. Kg7 Rg2 58. Rh1 Rxg5+ 59. Kf7 Rf5+ 60. Ke7 Rh5 61. Rxh5 e1Q+ 62. Kf7 Qb4 63. h8Q Qb7+ 64. Ke6 1-0

[Event "Gibraltar Masters 16th"]
[Site "Caleta"]
[Date "2018.01.24"]
[Round "8"]
[White "De Graaf, Dick"]
[Black "Van de Groep, William"]
[Result "1-0"]
[WhiteElo "2152"]
[BlackElo "1972"]
[PlyCount "97"]
[EventDate "2018.01.23"]
[EventType "swiss"]
[EventRounds "10"]
[EventCountry "GGB"]
[SourceTitle "CBM 183"]
[Source "ChessBase"]
[SourceDate "2018.03.14"]
[SourceVersion "1"]
[SourceVersionDate "2018.03.14"]
[SourceQuality "1"]

1. e4 e6 2. d4 d5 3. Nc3 Nf6 4. e5 Nfd7 5. f4 c5 6. Nf3 Nc6 7. Be3 Be7 8. Qd2 b6 9. Bd3 0-0 10. Qf2 cxd4 11. Nxd4 Nxd4 12. Bxd4 f6 13. Qh4 f5 14. Qf2 Nc5 15. Be2 Bd7 16. h4 Rc8 17. Rh3 Ne4 18. Nxe4 fxe4 19. c3 Bc5 20. Rd1 Kh8 21. h5 Qe7 22. Qe3 Qf7 23. g3 Qe8 24. h6 g6 25. b3 Qe7 26. c4 Bxd4 27. Qxd4 Qc5 28. Rh2 Bc6 29. Qxc5 bxc5 30. Bg4 Rce8 31. Bxe6 d4 32. Bd5 Ba8 33. b4 d3 34. Kd2 g5 35. Ke3 Bxd5 36. cxd5 c4 37. Kxe4 gxf4 38. gxf4 Rb8 39. a3 a5 40. e6 axb4 41. axb4 Rxb4 42. Ke5 Rg8 43. Rdd2 Rg1 44. e7 Rb8 45. d6 Re1+ 46. Kf6 Rb6 47. Kf7 Rxd6 48. Ra2 Rxe7+ 49. Kxe7 1-0

[Event "Gibraltar Challenger op-B"]
[Site "Caleta"]
[Date "2017.01.31"]
[Round "4"]
[White "De Graaf, Dick"]
[Black "Osuna Vega, Enrique"]
[Result "1-0"]
[WhiteElo "2194"]
[BlackElo "2181"]
[PlyCount "70"]
[EventDate "2017.01.28"]
[EventType "swiss"]
[EventRounds "5"]
[EventCountry "GGB"]
[SourceTitle "EXT 2018"]
[Source "ChessBase"]
[SourceDate "2017.10.13"]
[SourceVersion "1"]
[SourceVersionDate "2017.10.13"]
[SourceQuality "1"]

1. e4 c5 2. Nf3 Nf6 3. Nc3 Nc6 4. d4 d5 5. exd5 Nxd5 6. Bc4 Nxc3 7. bxc3 e6 8. 0-0 Be7 9. Be3 0-0 10. Bd3 Qa5 11. Bg5 Bxg5 12. Nxg5 h6 13. Ne4 cxd4 14. Rb1 a6 15. cxd4 Nxd4 16. Nd6 Qc7 17. Bh7+ Kxh7 18. Qxd4 Qxc2 19. Rb3 f6 20. Rc3 Qxa2 21. Qd3+ f5 22. Rc7 Qb2 23. Rfc1 Rd8 24. Qg3 Qd4 25. h4 Rxd6 26. R1c4 Qd1+ 27. Kh2 Rd7 28. Rxc8 Rxc8 29. Rxc8 Qd6 30. f4 Qd3 31. Qf2 Qd2 32. Qf1 b5 33. Rc6 Rd4 34. Kg3 Qe3+ 35. Qf3 Qe1+ 1-0

[Event "Gibraltar Challenger op-B"]
[Site "Caleta"]
[Date "2017.01.30"]
[Round "3"]
[White "Kandic, Milan"]
[Black "De Graaf, Dick"]
[Result "0-1"]
[WhiteElo "2061"]
[BlackElo "2194"]
[PlyCount "128"]
[EventDate "2017.01.28"]
[EventType "swiss"]
[EventRounds "5"]
[EventCountry "GGB"]
[SourceTitle "EXT 2018"]
[Source "ChessBase"]
[SourceDate "2017.10.13"]
[SourceVersion "1"]
[SourceVersionDate "2017.10.13"]
[SourceQuality "1"]

1. e4 d6 2. d4 g6 3. Bc4 c6 4. c3 Bg7 5. Nf3 d5 6. exd5 cxd5 7. Bb5+ Bd7 8. Bxd7+ Qxd7 9. 0-0 Nc6 10. Bf4 Nf6 11. Ne5 Nxe5 12. Bxe5 0-0 13. Nd2 a5 14. a4 Rfc8 15. h3 Rc6 16. Qf3 Bh6 17. Bxf6 Rxf6 18. Qd3 Bxd2 19. Qxd2 Rc8 20. Rfe1 Rfc6 21. Re3 e6 22. h4 Rc4 23. h5 Qe7 24. hxg6 hxg6 25. Rh3 Qf6 26. g3 Kf8 27. Rh4 Ke7 28. Rf4 Qg7 29. Rh4 Kd7 30. Kg2 g5 31. Rh5 Rg8 32. Qe2 Qg6 33. g4 Qe4+ 34. Qf3 Rg7 35. Qxe4 dxe4 36. f3 exf3+ 37. Kxf3 Rc6 38. Ke4 Ke7 39. Rc1 Rc4 40. b3 Rc8 41. c4 Rf8 42. Rf1 f5+ 43. gxf5 g4 44. f6+ Rxf6 45. Rxf6 Kxf6 46. Rh2 g3 47. Rg2 Rg4+ 48. Kf3 Rxd4 49. Kxg3 Rd3+ 50. Kf4 Rxb3 51. Ke4 Rb4 52. Kd4 Rxa4 53. Rf2+ Ke7 54. Kc5 Rb4 55. Ra2 b6+ 56. Kd4 Kd6 57. Kd3 Rb3+ 58. Kd4 e5+ 59. Ke4 Rc3 60. Rd2+ Ke6 61. Rh2 Rxc4+ 62. Kd3 Kd5 63. Rh8 e4+ 64. Ke3 Kc5 0-1

[Event "EU-Cup 32nd"]
[Site "Novi Sad"]
[Date "2016.11.12"]
[Round "7.6"]
[White "Kenneskog, Theodor"]
[Black "De Graaf, Dick"]
[Result "1-0"]
[WhiteElo "2332"]
[BlackElo "2207"]
[PlyCount "55"]
[EventDate "2016.11.06"]
[EventType "team-swiss"]
[EventRounds "7"]
[EventCountry "SRB"]
[SourceTitle "CBM 176"]
[Source "ChessBase"]
[SourceDate "2017.01.17"]
[SourceVersion "1"]
[SourceVersionDate "2017.01.17"]
[SourceQuality "1"]
[WhiteTeam "Umea Rockaden"]
[BlackTeam "En Passant"]
[WhiteTeamCountry "SWE"]
[BlackTeamCountry "NED"]

1. d4 Nf6 2. c4 e6 3. Nf3 b6 4. g3 Ba6 5. Qc2 Bb7 6. Bg2 Bb4+ 7. Bd2 Be7 8. Nc3 c5 9. e4 cxd4 10. Nxd4 Nc6 11. Nxc6 Bxc6 12. 0-0 Qc7 13. Bf4 d6 14. Qe2 Qb7 15. Nd5 e5 16. Nxe7 Qxe7 17. Bg5 h6 18. Bd2 Nd7 19. b4 0-0 20. Bh3 Nf6 21. f3 Bd7 22. Bg2 Rac8 23. Rac1 Rfe8 24. Be3 Rc7 25. Rc2 Rec8 26. Qd3 Be6 27. Rfc1 Nd7 28. Bf1 1-0

[Event "EU-Cup 32nd"]
[Site "Novi Sad"]
[Date "2016.11.10"]
[Round "5.6"]
[White "De Graaf, Dick"]
[Black "Christiansen, Johan Sebastian"]
[Result "0-1"]
[WhiteElo "2207"]
[BlackElo "2425"]
[PlyCount "60"]
[EventDate "2016.11.06"]
[EventType "team-swiss"]
[EventRounds "7"]
[EventCountry "SRB"]
[SourceTitle "CBM 176"]
[Source "ChessBase"]
[SourceDate "2017.01.17"]
[SourceVersion "1"]
[SourceVersionDate "2017.01.17"]
[SourceQuality "1"]
[WhiteTeam "En Passant"]
[BlackTeam "Vaalerenga"]
[WhiteTeamCountry "NED"]
[BlackTeamCountry "NOR"]

1. e4 e6 2. d4 d5 3. Nc3 Nf6 4. e5 Nfd7 5. f4 c5 6. Nf3 Nc6 7. Be3 Be7 8. Qd2 0-0 9. 0-0-0 c4 10. Ne2 b5 11. Kb1 b4 12. Nc1 a5 13. f5 exf5 14. Qf2 a4 15. h4 b3 16. a3 c3 17. cxb3 axb3 18. bxc3 Rxa3 19. Qb2 Nb6 20. Bg5 f6 21. exf6 gxf6 22. Qf2 fxg5 23. hxg5 Na4 24. Rd3 Ba6 25. Qh4 Rf7 26. Qh6 Qa5 27. Qxc6 Ra1+ 28. Kxa1 Nxc3+ 29. Kb2 Qa3+ 30. Kxc3 Bb4# 0-1

[Event "EU-Cup 32nd"]
[Site "Novi Sad"]
[Date "2016.11.09"]
[Round "4.6"]
[White "Sarenac, Ivan"]
[Black "De Graaf, Dick"]
[Result "1-0"]
[WhiteElo "2414"]
[BlackElo "2207"]
[PlyCount "55"]
[EventDate "2016.11.06"]
[EventType "team-swiss"]
[EventRounds "7"]
[EventCountry "SRB"]
[SourceTitle "CBM 176"]
[Source "ChessBase"]
[SourceDate "2017.01.17"]
[SourceVersion "1"]
[SourceVersionDate "2017.01.17"]
[SourceQuality "1"]
[WhiteTeam "Itaka"]
[BlackTeam "En Passant"]
[WhiteTeamCountry "SRB"]
[BlackTeamCountry "NED"]

1. e4 e5 2. Nf3 Nc6 3. Bb5 Bc5 4. c3 Nge7 5. 0-0 Bb6 6. d4 exd4 7. cxd4 d5 8. exd5 Nxd5 9. Re1+ Be6 10. Bg5 Qd6 11. Nbd2 h6 12. Bh4 0-0 13. Nc4 Qb4 14. Bxc6 Qxc4 15. Bxb7 Rab8 16. b3 Qb4 17. Bxd5 Bxd5 18. Be7 Qa5 19. Bxf8 Rxf8 20. Ne5 Ba8 21. Nd7 Qg5 22. f3 Rd8 23. Nxb6 axb6 24. Qe2 Qd5 25. Rad1 Bb7 26. Qe4 b5 27. Qc2 Qd7 28. Qc5 1-0

[Event "EU-Cup 32nd"]
[Site "Novi Sad"]
[Date "2016.11.06"]
[Round "1.6"]
[White "Dvirnyy, Danyyil"]
[Black "De Graaf, Dick"]
[Result "1/2-1/2"]
[WhiteElo "2552"]
[BlackElo "2207"]
[PlyCount "138"]
[EventDate "2016.11.06"]
[EventType "team-swiss"]
[EventRounds "7"]
[EventCountry "SRB"]
[SourceTitle "CBM 176"]
[Source "ChessBase"]
[SourceDate "2017.01.17"]
[SourceVersion "1"]
[SourceVersionDate "2017.01.17"]
[SourceQuality "1"]
[WhiteTeam "Padova"]
[BlackTeam "En Passant"]
[WhiteTeamCountry "ITA"]
[BlackTeamCountry "NED"]

1. d4 Nf6 2. c4 e6 3. Nf3 b6 4. g3 Ba6 5. b3 Bb4+ 6. Bd2 Bxd2+ 7. Qxd2 Bb7 8. Bg2 0-0 9. 0-0 d5 10. Nc3 Nbd7 11. Rac1 c5 12. cxd5 exd5 13. Rfd1 Qe7 14. dxc5 Nxc5 15. Nd4 Rfd8 16. Qb2 Qe5 17. b4 Ne6 18. e3 Rac8 19. Nf3 Qh5 20. Nb5 Rxc1 21. Rxc1 d4 22. Nbxd4 Nxd4 23. Nxd4 Bxg2 24. Kxg2 Ng4 25. Nf3 Qd5 26. Qd4 h5 27. Qxd5 Rxd5 28. Rc8+ Kh7 29. Rc7 a5 30. Rxf7 axb4 31. h3 Nf6 32. Rb7 Ra5 33. Rxb6 Ra4 34. Ng5+ Kg6 35. Ne6 Rxa2 36. Nf4+ Kf5 37. Rb5+ Ke4 38. Rxb4+ Ke5 39. Kf3 Ra5 40. Rb6 Kf5 41. Nxh5 Nxh5 42. g4+ Kg5 43. gxh5 Kxh5 44. Rb4 g6 45. Rg4 Kh6 46. h4 Ra1 47. e4 Rh1 48. Kf4 Ra1 49. Rg3 Kh5 50. Rg5+ Kh6 51. Rb5 Rh1 52. Kg3 Rg1+ 53. Kf4 Rh1 54. h5 Rh4+ 55. Ke3 g5 56. Rb6+ Kxh5 57. Rf6 Rh1 58. e5 Re1+ 59. Kd4 g4 60. Kd5 Kg5 61. Ke6 Ra1 62. Rf5+ Kg6 63. Rf6+ Kg5 64. Rf5+ Kg6 65. Rf8 Ra6+ 66. Kd5 Ra5+ 67. Ke4 Ra4+ 68. Ke3 Ra3+ 69. Ke4 Ra4+ 1/2-1/2

[Event "Hoogeveen Unive op 20th"]
[Site "Hoogeveen"]
[Date "2016.10.20"]
[Round "7"]
[White "Rathnakaran, Kantholi"]
[Black "De Graaf, Dick"]
[Result "1-0"]
[WhiteElo "2469"]
[BlackElo "2195"]
[PlyCount "43"]
[EventDate "2016.10.15"]
[EventType "swiss"]
[EventRounds "9"]
[EventCountry "NED"]
[SourceTitle "EXT 2017"]
[Source "ChessBase"]
[SourceDate "2016.10.25"]
[SourceVersion "1"]
[SourceVersionDate "2016.10.25"]
[SourceQuality "1"]

1. e4 d6 2. d4 Nf6 3. Nc3 g6 4. Nf3 Bg7 5. Be3 a6 6. Qd2 0-0 7. Bh6 Bxh6 8. Qxh6 c5 9. Ng5 cxd4 10. Nd5 Nbd7 11. 0-0-0 e6 12. Nxf6+ Nxf6 13. f4 e5 14. fxe5 dxe5 15. Bc4 Be6 16. Rhf1 Re8 17. Bd3 Rc8 18. Rf2 Bc4 19. Bxc4 Rxc4 20. Rdf1 Qc7 21. Kb1 Rb4 22. Rxf6 1-0

[Event "Hoogeveen Unive op 20th"]
[Site "Hoogeveen"]
[Date "2016.10.15"]
[Round "1"]
[White "Den Dunnen, Lola"]
[Black "De Graaf, Dick"]
[Result "0-1"]
[WhiteElo "1890"]
[BlackElo "2195"]
[PlyCount "106"]
[EventDate "2016.10.15"]
[EventType "swiss"]
[EventRounds "9"]
[EventCountry "NED"]
[SourceTitle "EXT 2017"]
[Source "ChessBase"]
[SourceDate "2016.10.25"]
[SourceVersion "1"]
[SourceVersionDate "2016.10.25"]
[SourceQuality "1"]

1. d4 c5 2. d5 e5 3. c4 d6 4. Nc3 f5 5. e4 Nf6 6. Bg5 Be7 7. Bxf6 Bxf6 8. Bd3 f4 9. Be2 0-0 10. Bg4 Na6 11. Bxc8 Rxc8 12. Nf3 Nc7 13. a4 Na6 14. 0-0 Qd7 15. Ne1 Bd8 16. a5 Rf6 17. Nb5 Ra8 18. f3 Rh6 19. Nd3 Bh4 20. Qd2 Qf7 21. b4 cxb4 22. Nxb4 Nc5 23. Ra3 a6 24. Nc3 Qh5 25. h3 Rc8 26. Nd3 Bd8 27. Rb1 Rg6 28. Kh1 Qg5 29. Ne1 Qg3 30. Na4 Nxe4 31. Qb2 Nf2+ 32. Kg1 Nxh3+ 33. Kf1 Bxa5 34. Nc3 Bxc3 35. Rxc3 Qh2 36. Qxb7 Rf8 37. Rb6 Qg1+ 38. Ke2 Qf2+ 39. Kd1 Qd4+ 40. Kc2 Qf2+ 41. Kd1 Ng5 42. Qxa6 e4 43. Rxd6 Nxf3 44. Rxf3 exf3 45. gxf3 Rg1 46. Re6 Rb8 47. Qa1 Qxf3+ 48. Kd2 Qb3 49. Qe5 Qa2+ 50. Kd3 Rb3+ 51. Kd4 Qa7+ 52. Ke4 Rxe1+ 53. Kxf4 Qf2+ 0-1

[Event "Utrecht OKU op 42nd"]
[Site "Utrecht"]
[Date "2015.06.06"]
[Round "2"]
[White "Ootes, Lars"]
[Black "De Graaf, Dick"]
[Result "1-0"]
[WhiteElo "2396"]
[BlackElo "2187"]
[PlyCount "93"]
[EventDate "2015.06.05"]
[EventType "swiss"]
[EventRounds "6"]
[EventCountry "NED"]
[SourceTitle "CBM 166 Extra"]
[Source "ChessBase"]
[SourceDate "2015.06.18"]
[SourceVersion "1"]
[SourceVersionDate "2015.06.18"]
[SourceQuality "1"]

1. e4 g6 2. d4 Bg7 3. Nc3 d6 4. f4 Nf6 5. Nf3 0-0 6. Bd3 a6 7. Qe2 Nc6 8. e5 Nh5 9. Be3 Bh6 10. f5 Nf4 11. Bxf4 Bxf4 12. Qe4 Bh6 13. e6 fxe6 14. fxg6 Rf4 15. gxh7+ Kh8 16. Qg6 Qf8 17. 0-0 Rf6 18. Nh4 Be3+ 19. Kh1 Bd7 20. Qg3 Qh6 21. Rxf6 exf6 22. Ng6+ Kxh7 23. Nf4+ f5 24. Qxe3 e5 25. dxe5 dxe5 26. Nfd5 e4 27. Qxh6+ Kxh6 28. Be2 Nd4 29. Rd1 c5 30. Nb6 Rd8 31. Nxd7 Rxd7 32. g3 Kg5 33. Kg2 Kf6 34. a4 Ke5 35. Bc4 Rg7 36. Ne2 b5 37. axb5 axb5 38. Nxd4 cxd4 39. Be2 Rc7 40. c3 d3 41. Bxd3 exd3 42. Rxd3 f4 43. gxf4+ Kxf4 44. Rd4+ Ke3 45. h4 Rg7+ 46. Kh3 Kf3 47. h5 1-0

[Event "NED-chT 1415"]
[Site "Netherlands"]
[Date "2015.02.07"]
[Round "5.10"]
[White "De Graaf, Dick"]
[Black "Ypma, Peter"]
[Result "0-1"]
[WhiteElo "2205"]
[BlackElo "2209"]
[PlyCount "94"]
[EventDate "2014.09.27"]
[EventType "team-tourn"]
[EventRounds "9"]
[EventCountry "NED"]
[SourceTitle "EXT 2016"]
[Source "ChessBase"]
[SourceDate "2015.10.08"]
[SourceVersion "1"]
[SourceVersionDate "2015.10.08"]
[SourceQuality "1"]
[WhiteTeam "En Passant"]
[BlackTeam "Utrecht"]
[WhiteTeamCountry "NED"]
[BlackTeamCountry "NED"]

1. e4 c5 2. Nf3 g6 3. d4 cxd4 4. Qxd4 Nf6 5. Bc4 Nc6 6. Qd3 Bg7 7. Nc3 0-0 8. a4 Nb4 9. Qe2 d5 10. exd5 Bf5 11. Bb3 Nfxd5 12. Nxd5 Nxd5 13. 0-0 Qa5 14. c3 e5 15. Rd1 Be6 16. Bc2 h6 17. Be4 Rad8 18. Bd2 Qc7 19. Be3 a5 20. Bxd5 Bxd5 21. Qb5 Bc6 22. Bb6 Bxb5 23. Bxc7 Rxd1+ 24. Rxd1 Bxa4 25. Re1 Bc6 26. Bxe5 Bxf3 27. Bxg7 Kxg7 28. gxf3 Kf6 29. Rd1 Ke6 30. Rd4 Rc8 31. Kf1 Rc5 32. Kg2 Rh5 33. Rd2 Rd5 34. Re2+ Kd6 35. Re8 Rb5 36. Re2 Kd5 37. f4 Kc4 38. Kf3 Kb3 39. Ke4 a4 40. Kd4 Ka2 41. c4 Rxb2 42. Re7 Rb3 43. c5 a3 44. Kc4 b5+ 45. Kd4 b4 46. c6 Rc3 47. c7 Rxc7 0-1

[Event "NED-chT 1314"]
[Site "Netherlands"]
[Date "2014.05.10"]
[Round "9.8"]
[White "De Graaf, Dick"]
[Black "Carlier, Bruno"]
[Result "0-1"]
[WhiteElo "2190"]
[BlackElo "2434"]
[PlyCount "76"]
[EventDate "2013.09.21"]
[EventType "team-tourn"]
[EventRounds "9"]
[EventCountry "NED"]
[SourceTitle "EXT 2015"]
[Source "ChessBase"]
[SourceDate "2014.11.20"]
[SourceVersion "1"]
[SourceVersionDate "2014.11.20"]
[SourceQuality "1"]
[WhiteTeam "En Passant"]
[BlackTeam "Rotterdam"]
[WhiteTeamCountry "NED"]
[BlackTeamCountry "NED"]

1. e4 c5 2. Nf3 g6 3. h4 h6 4. Bc4 Bg7 5. c3 Qc7 6. d3 d6 7. Nbd2 Nc6 8. a4 Nf6 9. Nf1 0-0 10. h5 Nxh5 11. Ne3 e6 12. Ng4 d5 13. Ba2 dxe4 14. dxe4 Rd8 15. Qc2 b6 16. Bc4 Na5 17. Bf1 c4 18. Nxh6+ Kf8 19. Rxh5 gxh5 20. e5 f5 21. exf6 Bxf6 22. Qg6 Qg7 23. Qxh5 Rd5 24. Qg4 Bxc3+ 25. bxc3 Qxc3+ 26. Bd2 Qxa1+ 27. Ke2 Ke8 28. Qg6+ Kd7 29. Ng4 Kc6 30. Ne3 Rxd2+ 31. Nxd2 Qe5 32. g3 Rb8 33. f4 Qd4 34. Qe8+ Qd7 35. Qxd7+ Bxd7 36. Nexc4 Nxc4 37. Nxc4 Kc5 38. Nb2 Kb4 0-1